000 00695nam a2200241Ia 4500
003 OSt
005 20220918223650.0
006 a|||||r|||| 00| 0
007 ta
008 220917b |||||||| |||| 00| 0 eng d
024 _a224,528
037 _cTextual
040 _aARTS
_cARTS
_beng
041 _2eng
_aeng
082 _aY73(Q7):6.19M, P2
100 _aHaddad Yvonne Yazbeck Ed.
_9146312
245 0 _aMuslims in the west
_b From Sojourners to citizens
260 _aNew York
_bOxford University Press
_c2002
300 _axvii, 318p.
_ccm.
650 _aSOCIOLOGY
942 _hY73(Q7):6.19M, P2
_cTEXL
_2CC
999 _c279118
_d279118